000 00616nam a2200229Ia 4500
003 OSt
005 20221007075247.0
006 a|||||r|||| 00| 0
007 ta
008 221006b |||||||| |||| 00| 0 eng d
024 _a5,228
037 _cTextual
040 _aFLL
_cFLL
_beng
041 _2eng
_aeng
082 _aZ2,9298, NO
100 _aMassey I.P. Au.
_9682501
245 0 _aAdministrative law, replacememt copy
260 _aNew Delhi
_bEastern book company India
_c1990
300 _a464p
_ccm.
942 _hZ2,9298, NO
_cTEXL
_2CC
999 _c1155382
_d1155382